| 000 | 01531cam a2200385 i 4500 | ||
|---|---|---|---|
| 001 | 8470 | ||
| 003 | Mx-PuUPA | ||
| 005 | 20250616105059.0 | ||
| 008 | 140415s2017 sp gr 000 0 spa d | ||
| 017 | _aB.8747-2017 | ||
| 020 | _a9788497841740 | ||
| 040 |
_aMx-PuUPA _bspa _cMx-PuUPA _dMx-PuUPA _erda |
||
| 041 | 1 | _aspa | |
| 043 | _ae-fr--- | ||
| 100 | 1 |
_aGuénard, Tim, _916887 _eautor |
|
| 240 | 1 | 0 |
_aPlus fort que la haine, _lEspañol |
| 245 | 1 | 0 |
_aMás fuerte que el odio / _cTim Guénard ; traducción de Tomás Fernández Aúz y Beatriz Eguibar |
| 264 | 1 |
_aBarcelona : _bEditorial Gedisa, _c[2017?] |
|
| 300 |
_a284 páginas ; _c23 cm |
||
| 336 |
_2rdacontent _atexto _btxt |
||
| 337 |
_2rdamedia _asin medio _bn |
||
| 338 |
_2rdacarrier _avolumen _bnc |
||
| 490 | 0 | _aResilencia / testimonios | |
| 500 | _a"Cómo escapar de un destino fatal y convertirse en un hombre feliz a pesar de la desgracia". -- Cubierta. | ||
| 600 | 1 | 4 |
_aGuernard, Tim _d1959- |
| 650 | 7 |
_2armarc _aNiños maltratados _xHistoria _zFrancia 1945-1970 _vBiografía |
|
| 650 | 7 |
_2armarc _aNiños abandonados _xHistoria _zFrancia 1945-1970 _vBiografía |
|
| 650 | 7 |
_2armarc _aIntegración social _zFrancia _xHistoria _xInformes personales |
|
| 700 | 1 |
_aFernández Aúz, Tomás, _etraductor |
|
| 710 |
_aEguibar, Beatriz, _etraductor |
||
| 765 | 0 |
_aGuénard, Tim _tPlus fort que la haine. _dParís : Éditions Presses de la Renaissance, 1999 |
|
| 942 |
_2ddc _cLI _h362.76092 _iG24 |
||
| 999 |
_c8470 _d8470 |
||